Harry Potter - W, X, Y et Z - Statistiques

Statistiques générales
  • Ce quiz a été pris 58 fois
  • Le résultat moyen est 4 sur 11
Statistiques - réponses
Description Réponse % Correct
Père de Luna Xenophilius Lovegood
90%
Elfe de Barty Croupton Winky
73%
Endroit où les Dursley vont pour les 11 ans de Dudley Zoo
65%
Magasin de farces et attrapes Zonko
62%
Mangemort travaillant au ministère Yaxley
56%
Bourreau chargé de tué Buck Walden Macnair
27%
Nom du magasin de Fred et Georges Weasley farces et attrapes pour sorciers facétieux
21%
Acteur interprétant Flitwick plus des gobelins Warwick Davis
19%
Actrice de madame Bibine Zoë Wanamaker
12%
Remplaçante de Hagrid Wilhemina Gobe planche
8%
Élèves de Serpentard Zacharias Smith
6%
Aucun quiz correspondant
Distribution des résultats
% des personnes avec chaque résultat
Percentile par nombre de réponses
Votre historique - résultats
Vous n’avez pas pris ce quiz